Noise, vibrations and harshness of electric and hybrid vehicles (Record no. 53164)
[ view plain ]
| 000 -LEADER | |
|---|---|
| fixed length control field | 00676nam a22002417a 4500 |
| 005 - DATE AND TIME OF LATEST TRANSACTION | |
| control field | 20260504171100.0 |
| 008 - FIXED-LENGTH DATA ELEMENTS--GENERAL INFORMATION | |
| fixed length control field | 260504b |||||||| |||| 00| 0 eng d |
| 020 ## - INTERNATIONAL STANDARD BOOK NUMBER | |
| International Standard Book Number | 9780768099645 |
| Qualifying information | hb |
| 082 ## - DEWEY DECIMAL CLASSIFICATION NUMBER | |
| Classification number | 629.243 |
| Item number | ZHA |
| 100 ## - MAIN ENTRY--PERSONAL NAME | |
| Personal name | Zhang, Lijun |
| 245 ## - TITLE STATEMENT | |
| Title | Noise, vibrations and harshness of electric and hybrid vehicles |
| 250 ## - EDITION STATEMENT | |
| Edition statement | c.2020 |
| 260 ## - PUBLICATION, DISTRIBUTION, ETC. | |
| Place of publication, distribution, etc. | Warrendale |
| Name of publisher, distributor, etc. | SAE International |
| Date of publication, distribution, etc. | 2020 |
| 300 ## - PHYSICAL DESCRIPTION | |
| Extent | ix, 388p. ; 26cm. |
| 653 ## - INDEX TERM--UNCONTROLLED | |
| Uncontrolled term | Automobiles--Design and construction |
| 653 ## - INDEX TERM--UNCONTROLLED | |
| Uncontrolled term | Automobiles--Vibration |
| 653 ## - INDEX TERM--UNCONTROLLED | |
| Uncontrolled term | Automobiles--Noise |
| 653 ## - INDEX TERM--UNCONTROLLED | |
| Uncontrolled term | ME432 |
| 653 ## - INDEX TERM--UNCONTROLLED | |
| Uncontrolled term | ME632 |
| 700 ## - ADDED ENTRY--PERSONAL NAME | |
| Personal name | Meng, Dejian |
| 700 ## - ADDED ENTRY--PERSONAL NAME | |
| Personal name | Chen, Gang |
| 942 ## - ADDED ENTRY ELEMENTS (KOHA) | |
| Source of classification or shelving scheme | Dewey Decimal Classification |
| Koha item type | Book |
| Withdrawn status | Lost status | Source of classification or shelving scheme | Damaged status | Not for loan | Home library | Current library | Shelving location | Date acquired | Source of acquisition | Total Checkouts | Full call number | Barcode | Date last seen | Price effective from | Koha item type |
|---|---|---|---|---|---|---|---|---|---|---|---|---|---|---|---|
| Dewey Decimal Classification | LRC, IIT Indore | LRC, IIT Indore | 2nd Floor - General Stack | 29/04/2026 | PO_2025-26_PO-116 ,Vendor: Technical Bureau India Pvt. Ltd., New Delhi ; Inv. No.: TB166, dt.20.04.2026 ; Price: USD 110.00 | 629.243 ZHA | 38831 | 04/05/2026 | 04/05/2026 | Book |
